| 000 | 00718nam a22002177a 4500 | ||
|---|---|---|---|
| 003 | 0 | ||
| 005 | 20240906123903.0 | ||
| 008 | 240906b xxu||||| |||| 00| 0 eng d | ||
| 020 | _a978-0-357-76456-5 | ||
| 050 |
_aRC 488.5 _b.G44 2024 |
||
| 100 |
_aGehart, Diane R. _eauthor. |
||
| 245 |
_aMastering competencies in family therapy : _ba practical approach to theories & clinical case documentation / _cDiane R. Gehart |
||
| 250 | _a4th ed. | ||
| 260 |
_aBoston, MA : _bCengage, _cc2024. |
||
| 300 |
_axxviii, 740 p. : _bcol. ill. ; _c28 cm. |
||
| 504 | _aIncludes index. | ||
| 650 |
_aFamily psychotheraphy _xmethodology. |
||
| 650 | _aPsychotheraphy. | ||
| 650 | _aMedical personel and patient. | ||
| 942 |
_2lcc _cBK |
||
| 999 |
_c366186 _d366186 |
||